Podoby chudoby vo vidieckom prostredí južného Sloovenska

Bibliographic Details
Main Author: Danglová, Oľga, 1941- (Author)
Format: Article
Language:Slovak
PhysicalDescription:Lit. 25 zázn. v angl., češ., slov., Res. angl.
ISSN:1335-1303
Subjects:

MARC

LEADER 00000nab a2200000 a 4500
001 vtls000627119
003 SK-MaSNL
005 20260304084147.0
008 250425c1997 xo 0 slo
015 |a SNBRB19rr/mm-uuuuu 
035 |a CL0627258 
035 |a urn:nbn:sk:snk-abgkn 
035 |a (urnnbn)urn:nbn:sk:snk:ar-a036qm 
035 |a (uuid)59b51acb-001f-483b-a5b1-b846fb6b0c8d 
040 |a SNKBUCL  |b slo  |c SNKBUCL  |e AACR2 
041 0 |a slo 
044 |a xo  |c SK 
080 |a 301.15-058.2(437.6):304(437.6)  |2 1981 
080 |a 304(437.6)  |2 1981 
100 1 |a Danglová, Oľga,  |d 1941-  |4 aut  |9 23213 
245 1 0 |a Podoby chudoby vo vidieckom prostredí južného Sloovenska  |c Oľga Danglová 
300 |b Lit. 25 zázn. v angl., češ., slov., Res. angl. 
650 0 7 |a transformácia sociálna  |2 snkbucl  |9 1327845 
650 0 7 |a chudoba  |2 snkbucl  |9 14502 
650 0 7 |a deprivácia sociálna  |2 snkbucl  |9 1376213 
651 7 |a Slovensko južné  |2 snkbucl  |9 161138 
655 7 |a články z novín a časopisov  |2 snkbucl  |9 267496 
773 0 |t Slovenský národopis  |g Roč. 45, č. 1 (1997), s. 5-25  |x 1335-1303 
850 |a Slovenská národná knižnica 
852 |a Slovenská národná knižnica 
954 |a odborná, vedecká literatúra pôvodná (slovenská)  |2 lita 
958 |a article27 
958 |a SK 
958 |a RK 
958 |a OND 
958 |a EUIPO 
992 |a RBX 
999 |c 2802196  |d 2804126